Catholic University of Zimbabwe Library
Online Public Access Catalogue
(OPAC)

story of an African farm (Record no. 12434)

MARC details
000 -LEADER
fixed length control field 00506 a2200145 4500
245 ## - TITLE STATEMENT
Title story of an African farm
Remainder of title : a novel
Medium print
020 ## - INTERNATIONAL STANDARD BOOK NUMBER
International Standard Book Number 0517568039 :
250 ## - EDITION STATEMENT
Edition statement 1st Crown ed.
650 ## - SUBJECT ADDED ENTRY--TOPICAL TERM
Topical term or geographic name entry element African Literature
260 ## - PUBLICATION, DISTRIBUTION, ETC.
Place of publication, distribution, etc. nyu
Name of publisher, distributor, etc. Crown
Date of publication, distribution, etc. 1987
084 ## -
-- PR9369.2.S37 S7 1987
300 ## - PHYSICAL DESCRIPTION
Extent xxix, 301 p. : ill. (some col.)
Other physical details 27 cm.
Dimensions xxix, 301 p. : ill. (some col.) ; 27 cm.
500 ## - GENERAL NOTE
General note by Ralph Iron (Olive Schreiner) ; [with an introduction by Doris Lessing].

No items available.

OPENING HOURS

Weekdays: 0815hrs - 1800hrs
Weekends:0900hrs - 1200hrs

Closed for Mass:

Mon, Thur: 1200hrs - 1300hrs
Sunday & Public Holiday’s

CALL SUPPORT

0242-570570, 0242-570169
09200664, +263 8644140602

LOCATION

18443, Cranborne Avenue, Hatfield, Harare

Other Links


©2021 | CUZ Library